The growth of African civilisation; (Record no. 131449)
[ view plain ]
| 000 -LEADER | |
|---|---|
| fixed length control field | 00485nam a22001457a 4500 |
| 008 - FIXED-LENGTH DATA ELEMENTS--GENERAL INFORMATION | |
| fixed length control field | 220517b |||||||| |||| 00| 0 eng d |
| 020 ## - INTERNATIONAL STANDARD BOOK NUMBER | |
| International Standard Book Number | 0582603323. |
| 050 ## - LIBRARY OF CONGRESS CALL NUMBER | |
| Classification number | DT475 |
| 100 ## - MAIN ENTRY--PERSONAL NAME | |
| Personal name | Bertin J. Webster |
| 9 (RLIN) | 51643 |
| 245 ## - TITLE STATEMENT | |
| Title | The growth of African civilisation; |
| Remainder of title | the revolutionary years West Africa since 1800 |
| Statement of responsibility, etc | Webster J. Bertin. |
| 260 ## - PUBLICATION, DISTRIBUTION, ETC. (IMPRINT) | |
| Place of publication, distribution, etc | England: |
| Name of publisher, distributor, etc | Longman Group Limited, |
| Date of publication, distribution, etc | 1967. |
| 300 ## - PHYSICAL DESCRIPTION | |
| Extent | ix,405p.; |
| Dimensions | 20cm. |
| 650 ## - SUBJECT ADDED ENTRY--TOPICAL TERM | |
| Topical term or geographic name as entry element | Africa,West |
| General subdivision | history |
| 9 (RLIN) | 30507 |
| 942 ## - ADDED ENTRY ELEMENTS (KOHA) | |
| Item type | Monograph ( Printed materials) |
| Source of classification or shelving scheme | Library of Congress Classification |
| Withdrawn status | Lost status | Source of classification or shelving scheme | Damaged status | Not for loan | Collection code | Home library | Current library | Date acquired | Total Checkouts | Full call number | Date last seen | Price effective from | Koha item type |
|---|---|---|---|---|---|---|---|---|---|---|---|---|---|
| Library of Congress Classification | Main Collection | ARRUPE LIBRARY | ARRUPE LIBRARY | 17/05/2022 | DT475 | 17/05/2022 | 17/05/2022 | Monograph ( Printed materials) |